Object oriented systems development (McGraw-Hill International editions) (Record no. 179343)
[ view plain ]
| 000 -LEADER | |
|---|---|
| fixed length control field | 00539nam a2200181Ia 4500 |
| 008 - FIXED-LENGTH DATA ELEMENTS--GENERAL INFORMATION | |
| fixed length control field | 231217s9999 xx 000 0 und d |
| 020 ## - INTERNATIONAL STANDARD BOOK NUMBER | |
| International Standard Book Number | 025625348X |
| 041 ## - LANGUAGE CODE | |
| Language code of text/sound track or separate title | English |
| 082 ## - DEWEY DECIMAL CLASSIFICATION NUMBER | |
| Classification number | 001.64 BAH;41 |
| 100 ## - MAIN ENTRY--PERSONAL NAME | |
| Personal name | Bahrami, Ali |
| 245 #0 - TITLE STATEMENT | |
| Title | Object oriented systems development (McGraw-Hill International editions) |
| 260 ## - PUBLICATION, DISTRIBUTION, ETC. | |
| Date of publication, distribution, etc. | 1999 |
| Name of publisher, distributor, etc. | McGraw-Hill |
| Place of publication, distribution, etc. | Singapore |
| 300 ## - PHYSICAL DESCRIPTION | |
| Extent | xx+411 |
| 400 ## - SERIES STATEMENT/ADDED ENTRY--PERSONAL NAME [OBSOLETE, CAN/MARC], [LOCAL, USA] | |
| Personal name | Computer science series |
| 500 ## - GENERAL NOTE | |
| General note | Content page available |
| 650 ## - SUBJECT ADDED ENTRY--TOPICAL TERM | |
| Topical term or geographic name entry element | Object,oriented,systems,(McGraw-Hill,editions) |
| 942 ## - ADDED ENTRY ELEMENTS (KOHA) | |
| Koha item type | Books |
| Date last seen | Total checkouts | Full call number | Accession number | Uniform resource identifier | Cost, total (INR) price | Price effective from | Category | Lost status | Damaged status | Department | Withdrawn status | Home library | Current library | Shelving location | Entry date | Vendor | Cost, normal purchase price | Grants | Billnumber | Billdate | Currency symbol | Conversion rate | Discount | Old discount |
|---|---|---|---|---|---|---|---|---|---|---|---|---|---|---|---|---|---|---|---|---|---|---|---|---|
| 26/01/2024 | 001.64 BAH;41 | 45756 | digital/contents/45756.pdf | 237.12 | 26/01/2024 | Books | MCA | Central Library | Central Library | MCA | 29/08/2007 | Mega Books | 6.50 | EC | 5610 | 12/11/2008 | USD | 45.6 | 1.3 | 20 | ||||
| 26/01/2024 | 001.64 BAH;42 | 45757 | digital/contents/45756.pdf | 237.12 | 26/01/2024 | Books | MCA | Central Library | Central Library | MCA | 29/08/2007 | Mega Books | 6.50 | EC | 5610 | 12/11/2008 | USD | 45.6 | 1.3 | 20 |
